|
|
|
|
| LEADER |
00000nam a2200000 a 4500 |
| 001 |
vtls001224351 |
| 003 |
SK-MaSNL |
| 005 |
20260331203750.0 |
| 008 |
160414s1995 xo 0 slo |
| 015 |
|
|
|a SNBH1997/0200360
|
| 020 |
|
|
|a 8096730053
|
| 035 |
|
|
|a SNK000170813
|
| 040 |
|
|
|a SNK
|b slo
|c SNK
|e AACR2
|
| 041 |
0 |
|
|a slo
|
| 044 |
|
|
|a xo
|c SK
|
| 080 |
|
|
|a 783.21.087.684
|2 1981
|
| 080 |
|
|
|a 785
|2 1981
|
| 080 |
|
|
|a 78.087.684
|2 1981
|
| 100 |
1 |
|
|a Hrušovský, Ivan,
|d 1927-2001
|4 skl
|9 97843
|
| 245 |
1 |
|
|a Missa pro iuventute pre miešaný zbor a cappella
|h hudobnina
|c Ivan Hrušovský
|
| 260 |
|
|
|a Košice
|b COLLEGIUM TECHNICUM
|c 1995
|
| 300 |
|
|
|a 32 s.
|c 30x21 cm
|
| 500 |
|
|
|a Vydané pre UNIVERSITAS CANTAT '95
|
| 500 |
|
|
|a 300 výt.
|
| 650 |
0 |
7 |
|a zborová tvorba
|x omše
|x zbory miešané a cappella
|2 SNK
|9 453723
|
| 650 |
0 |
7 |
|a omše
|x zbory miešané a cappella
|2 SNK
|9 453724
|
| 919 |
|
|
|a 80-967300-5-3
|
| 924 |
|
|
|a zbory miešané a cappella
|
| 958 |
|
|
|a HHU
|
| 958 |
|
|
|a TL
|
| 999 |
|
|
|c 711249
|d 713179
|
| 952 |
|
|
|t P60, <09>, [BOOK], {629}
|a SNK
|b SNK
|y NEVYP
|7 0
|o snkB 46
|i snk169/970122
|0 0
|1 0
|4 0
|d 1997-01-21
|l 0
|r 2005-01-01 00:00:00
|w 2026-02-23
|
| 952 |
|
|
|t P60, <04>, [BOOK], {603}
|a SNK
|b SNK
|y VYP
|7 0
|p 17A0104609
|o snkHSB 3377
|i snkKSP 454/97
|0 0
|1 0
|4 0
|d 1997-01-21
|l 0
|r 2005-01-01 00:00:00
|w 2026-02-23
|
| 952 |
|
|
|t P60, <04>, [BOOK], {604}
|a SNK
|b SNK
|y VYP
|7 0
|p 17A0028018
|o snkHSB 3377 D1
|i snkKSP 455/97
|0 0
|1 0
|4 0
|d 1997-01-21
|l 0
|r 2005-01-01 00:00:00
|w 2026-02-23
|